000 01734cad a22002535a 4500
001 L149210
008 100203s20100201xxk f 000 0 eng d
020 _a9781409822158
035 _a(Sirsi) u149210
041 0 _aeng
110 2 _aUnited Kingdom
_bDepartment for Communities and Local Government
_94939
245 0 0 _aPlanning Act 2008
_bguidance for the examination of applications for development consent for nationally significant infrastructure projects
260 _aLondon
_bDCLG
_c2010
505 2 _aIntroduction -- Examination process - Who can take in examining the application -- How the application is examined -- Written representations -- Hearings -- Administration exercise and delegation of functions
520 _aGuidance for examining authorities appointed by the Chair of the Infrastructure Planning Commission (IPC) when carrying out their function of examining applicaiton for development consent for nationally significant infrastructure projects (NSIPs). Promotes best practices to ensure consistent application of examination procedures. Read in conjunction with Planning Act 2008, Infrastructure (Examination Procedure) Rules 2010 and the Infrastructure Planning (interested Parties) Regulations 2010.
590 _aKA NTK
650 2 4 _aPLANNING ACT 2008
650 2 4 _aINFRASTRUCTURE (EXAMINATION PROCEDURE) RULES 2010
650 2 4 _aINFRASTRUCTURE PLANNING (INTERESTED PARTIES) REGULATIONS 2010
651 4 _aENGLAND AND WALES
690 _aENVIRONMENTAL AND LAND CONSULTANCY-PLANNING AND DEVELOPMENT
856 4 8 _uhttps://www.communities.gov.uk/publications/planningandbuilding/guidanceexaminationprocedures
_zView this online document free of charge at www.communities.gov.uk
942 _n0
999 _c110416
_d110416